|
|
|
|
| LEADER |
00000nam a2200000Ii 4500 |
| 001 |
DIGEDUV0334 |
| 003 |
NyNyDIG |
| 006 |
m o d |
| 007 |
cr ||||||||||| |
| 008 |
240901s2022 ag ob 000 0 spa d |
| 035 |
|
|
|a (OCoLC)1454785893
|
| 040 |
|
|
|a DGITA
|b eng
|e rda
|e pn
|c DGITA
|
| 020 |
|
|
|a 9789876997683
|q eBook
|
| 020 |
|
|
|z 9789876997676
|
| 043 |
|
|
|a s-ag---
|
| 050 |
1 |
4 |
|a JA74.5 ebook
|
| 245 |
0 |
0 |
|a Arderá la memoria :
|b psicoanálisis, política y derecho en torno a las memorias del pasado reciente /
|c Natalia Magrin, Jorge Foa Torres (comps.).
|
| 264 |
|
1 |
|a Villa María, Córdoba, Argentina :
|b Eduvim,
|c 2022.
|
| 300 |
|
|
|a 1 online resource.
|
| 336 |
|
|
|a text
|b txt
|2 rdacontent
|
| 337 |
|
|
|a computer
|b c
|2 rdamedia
|
| 338 |
|
|
|a online resource
|b cr
|2 rdacarrier
|
| 347 |
|
|
|a text file
|2 rdaft
|
| 347 |
|
|
|b EPUB
|
| 504 |
|
|
|a Includes bibliographical references.
|
| 588 |
0 |
|
|a Online resource; title from ePub title page (Digitalia, viewed September 1, 2024)
|
| 650 |
|
0 |
|a Political psychology.
|
| 650 |
|
0 |
|a Communication in politics.
|
| 650 |
|
0 |
|a Crimes against humanity
|z Argentina
|x History.
|
| 700 |
1 |
|
|a Magrin, Natalia,
|e editor.
|
| 700 |
1 |
|
|a Foa Torres, Jorge,
|e editor.
|
| 776 |
0 |
8 |
|i Print version:
|t Arderá la memoria.
|d Villa María, Córdoba, Argentina : Eduvim, 2022
|z 9789876997676
|
| 791 |
2 |
|
|a Digitalia (Firm),
|e distributor.
|
| 793 |
0 |
|
|g Digitalia eBook Collection:
|a Ediciones Eduvim
|
| 830 |
|
0 |
|a Colección Poliedros.
|
| 856 |
4 |
0 |
|3 Digitalia Hispánica
|u https://www.digitaliapublishing.com/a/158347/
|
| 910 |
|
|
|a Premium collection: 2024
|